A Robert Bosch Kft fuvarszervezési folyamatai fókuszban a fuvarszervezési kommunikáció

Bibliográfiai részletek
Szerző: Vinyei Kitti
További közreműködők: Bartha Dr. Andrea
Dokumentumtípus: Diplomadolgozat
Kulcsszavak:Logisztikai folyamatok
Fuvarszervezés
Szervezeti kommunikáció
Online Access:http://dolgozattar.uni-bge.hu/5145

MARC

LEADER 00000nta a2200000 i 4500
001 dolg5145
005 20160727150413.0
008 160429suuuu hu om 000 hun d
040 |a BGE Dolgozattár Repozitórium  |b hun 
041 |a hu 
100 1 |a Vinyei Kitti 
245 1 2 |a A Robert Bosch Kft fuvarszervezési folyamatai  |b fókuszban a fuvarszervezési kommunikáció  |c Vinyei Kitti  |h [elektronikus dokumentum] 
695 |a Logisztikai folyamatok 
695 |a Fuvarszervezés 
695 |a Szervezeti kommunikáció 
700 1 |a Bartha Dr. Andrea  |e ths 
856 4 0 |u http://dolgozattar.uni-bge.hu/5145/1/Vinyei%20Kitti_szakdolgozat.pdf  |z Dokumentum-elérés